| 000 | 00632cam a22001814a 4500 | ||
|---|---|---|---|
| 020 | _a9780896295094 (pbk.) | ||
| 040 | _cDLC | ||
| 082 | 0 | 0 | _a363 INT 2008 C146 Or. |
| 100 | 1 | _aAdelman, Sarah. | |
| 245 | 1 | 0 |
_aHow effective are food for education programs? : _ba critical assessment of the evidence from developing countries / |
| 260 |
_aWashington, D.C. : _bInternational Food Policy Research Institute, _cc2008. |
||
| 300 |
_a69 p. : _bill. ; _c23 cm. |
||
| 650 | 0 | _aSchool children | |
| 700 | 1 | _aGilligan, Daniel. | |
| 700 | 1 | _aLehrer, Kim. | |
| 856 | 4 | 1 | _uhttp://www.loc.gov/catdir/toc/ecip0814/2008013124.html |
| 942 | _cAEDBB | ||
| 999 |
_c18489 _d18489 |
||